000 00803nam a22002417a 4500
003 UPN
005 20250307063824.0
008 220214b19871992mx ||||| |||| 00| 0 spa d
020 _a9683907229
040 _aUPN
_bspa
_cUPN
050 4 _aBF311
_bV4.5
100 1 _aVega, Manuel de
_943701
245 _aIntroducción a la psicología cognitiva /
_c Manuel de Vega.
260 _a México :
_bAlianza Editorial Mexicana,
_c1992.
300 _a562 p. :
_bilustraciones, figuras, tablas
490 0 _aAlianza psicología ;
_v3
504 _aIncluye referencias bibliográficas (páginas 519-547) e índices.
650 2 _aPsicología cognoscitiva
_96335
650 4 _aPensamiento
_95399
650 4 _aMemoria
_95324
650 0 _943703
_aCOMPRENSION (TEORÍA DEL CONOCIMIENTO)
942 _2lcc
_cLIBRO
999 _c208177
_d208177